| 000 | 00818cam a22002657a 4500 | ||
|---|---|---|---|
| 003 | CHAP | ||
| 005 | 20220329134936.0 | ||
| 008 | 971013s1939 r 00010 d | ||
| 010 | _a28453 | ||
| 011 | _a29425 | ||
| 035 | _a33536 | ||
| 040 | _cCHAP | ||
| 090 | _aR-4 | ||
| 245 | 1 | 4 | _aThe Ware collection of Blaschka glass models of plants in the Botanical Museum of Harvard University |
| 260 |
_aCambridge : _bHarvard University, _c1939 |
||
| 300 | _as.p. | ||
| 590 |
_aBATCH-UPD _b10 _c20130110 _lUCH01 _h2025 |
||
| 590 |
_aBATCH-UPD _b10 _c20130410 _lUCH01 _h1343 |
||
| 590 |
_aBATCH-UPD _b10 _c20130914 _lUCH01 _h0730 |
||
| 590 |
_aCONVERSION _b10 _c20130109 _lUCH01 _h1316 |
||
| 650 | 1 | 4 |
_aBotánica _xCatálogos y colecciones. _914511 |
| 901 | _aBK | ||
| 942 | _cREIMP | ||
| 949 |
_aR-4 _bBC _cR _d-78077 _eTS1 _i33536 _si |
||
| 999 |
_c28453 _d28453 |
||